[Event "8. Lovsprings EMT Basis 3 1996"]
[Site "Ringsted"]
[Date "1996.03.08"]
[Round "1"]
[White "Hansen, Leif"]
[Black "Hansen, John Brangstrup"]
[Result "0-1"]
[WhiteElo "1328"]
[BlackElo "1335"]
[PlyCount "80"]
[EventDate "1996.??.??"]

1. g3 d5 2. Bg2 e6 3. d4 c5 4. Nf3 Nc6 5. e3 Nf6 6. Nc3 Be7 7. O-O O-O 8. Ne5
Nxe5 9. dxe5 Nd7 10. e4 d4 11. Ne2 Nxe5 12. Bf4 Ng6 13. Qd3 e5 14. Bd2 Qc7 15.
f4 exf4 16. Nxf4 Ne5 17. Nd5 Qd6 18. Nxe7+ Qxe7 19. Qa3 Nc4 20. Qd3 Nxd2 21.
Qxd2 Rb8 22. Qf4 Be6 23. e5 Rbd8 24. b3 Bd5 25. Rae1 b6 26. Qg4 Bxg2 27. Kxg2
d3 28. cxd3 Rxd3 29. e6 Rd2+ 30. Kh3 f6 31. Rf3 Rd5 32. Ref1 Re5 33. Rd3 Qxe6
34. Qxe6+ Rxe6 35. Rd7 a5 36. Rfd1 Rfe8 37. R1d2 R8e7 38. Rd8+ Kf7 39. g4 Re3+
40. Kh4 g5+ 0-1

[Event "8. Lovsprings EMT Basis 3 1996"]
[Site "Ringsted"]
[Date "1996.03.08"]
[Round "1"]
[White "Henriksen, Kasper"]
[Black "Pedersen, Lars"]
[Result "1-0"]
[WhiteElo "1424"]
[BlackElo "1400"]
[PlyCount "53"]
[EventDate "1996.??.??"]

1. e4 e6 2. d4 d5 3. Nc3 Nf6 4. Bg5 Be7 5. e5 Nfd7 6. Bxe7 Qxe7 7. f4 a6 8. Nf3
c5 9. dxc5 Nxc5 10. Bd3 Nc6 11. O-O Bd7 12. a3 Nxd3 13. cxd3 Na7 14. Rc1 Nb5
15. Qb3 Qc5+ 16. Kh1 Qe3 17. Ne2 Bc6 18. a4 d4 19. axb5 Bxf3 20. Rxf3 Qxe2 21.
bxa6 O-O 22. axb7 Qd2 23. Qc4 Rab8 24. f5 Rxb7 25. fxe6 Rxb2 26. exf7+ Kh8 27.
Rg3 1-0

[Event "8. Lovsprings EMT Basis 3 1996"]
[Site "Ringsted"]
[Date "1996.03.08"]
[Round "1"]
[White "Jensen, Finn Anker"]
[Black "Olsen, Brian"]
[Result "0-1"]
[WhiteElo "1251"]
[BlackElo "1364"]
[PlyCount "82"]
[EventDate "1996.??.??"]

1. c4 e5 2. Nc3 Nf6 3. g3 c5 4. Bg2 g6 5. Nf3 d6 6. d3 Bg7 7. O-O O-O 8. e3 Bg4
9. Qb3 Bc8 10. d4 Nc6 11. dxe5 dxe5 12. Rd1 Qe7 13. Qc2 Bf5 14. e4 Bg4 15. Be3
Nd4 16. Bxd4 exd4 17. Nd5 Nxd5 18. cxd5 Rac8 19. h3 Bd7 20. b3 d3 21. Qxd3 Bxa1
22. Rxa1 a6 23. Qe3 Bb5 24. a4 Bd7 25. Nd2 b5 26. e5 Rfe8 27. f4 Bf5 28. Be4
Bxh3 29. Bd3 Bd7 30. Ne4 Kh8 31. d6 Qe6 32. Nxc5 Rxc5 33. Qxc5 Qxb3 34. Bc2
Qxg3+ 35. Kh1 Rc8 36. Qd4 Qh3+ 37. Kg1 Qg3+ 38. Kh1 Qf3+ 39. Kg1 Rxc2 40. e6+
Kg8 41. exf7+ Kxf7 0-1

[Event "8. Lovsprings EMT Basis 3 1996"]
[Site "Ringsted"]
[Date "1996.03.08"]
[Round "1"]
[White "Jensen, Theis"]
[Black "Moller, Claus"]
[Result "0-1"]
[WhiteElo "1469"]
[BlackElo "1428"]
[PlyCount "56"]
[EventDate "1996.??.??"]

1. Nf3 d5 2. c4 dxc4 3. Na3 Bf5 4. Nxc4 e6 5. d3 Nf6 6. g3 Nc6 7. Bg2 Bc5 8.
O-O O-O 9. h3 Re8 10. Kh2 Qe7 11. e4 Bg6 12. Bg5 h6 13. Bh4 e5 14. a3 Rad8 15.
Qe2 Nd4 16. Nxd4 Bxd4 17. Ne3 Bh5 18. Bxf6 Bxe2 19. Bxe7 Rxe7 20. Rfe1 Bxd3 21.
Rad1 Bb5 22. b3 Red7 23. f4 exf4 24. gxf4 Bxe3 25. Rxd7 Bxf4+ 26. Kh1 Rxd7 27.
e5 Bg3 28. Rc1 Bxe5 0-1

[Event "8. Lovsprings EMT Basis 3 1996"]
[Site "Ringsted"]
[Date "1996.03.08"]
[Round "1"]
[White "Lassur, Benjamin"]
[Black "Krag Jacobsen, Alan"]
[Result "1-0"]
[WhiteElo "1439"]
[BlackElo "1428"]
[PlyCount "63"]
[EventDate "1996.??.??"]

1. c4 Nf6 2. Nc3 g6 3. g3 Bg7 4. Bg2 O-O 5. d4 d6 6. e3 Nbd7 7. Nf3 a5 8. O-O
e5 9. dxe5 dxe5 10. Qc2 Ne8 11. b3 Nd6 12. e4 f5 13. exf5 Nxf5 14. Bg5 Ne7 15.
Nd5 Bf6 16. Nxf6+ Nxf6 17. Nxe5 Bf5 18. Qb2 Ne4 19. Bh6 Rf6 20. Bxe4 Bxe4 21.
Ng4 Rf7 22. Nf6+ Rxf6 23. Qxf6 Nf5 24. Qe6+ Kh8 25. Qxe4 Nxh6 26. Qe5+ Kg8 27.
Qe6+ Kh8 28. Rad1 Qf8 29. Rfe1 Nf5 30. Rd7 Ng7 31. Qf7 Qxf7 32. Rxf7 1-0

[Event "8. Lovsprings EMT Basis 3 1996"]
[Site "Ringsted"]
[Date "1996.03.08"]
[Round "1"]
[White "Laugesen, Kristian"]
[Black "Nilsson, Jonas Gosta"]
[Result "1/2-1/2"]
[WhiteElo "1356"]
[BlackElo "1270"]
[PlyCount "24"]
[EventDate "1996.??.??"]

1. e4 c5 2. c3 e6 3. Nf3 Nc6 4. d4 d5 5. exd5 Qxd5 6. Be2 Nf6 7. O-O cxd4 8.
cxd4 Be7 9. Nc3 Qd8 10. Bg5 O-O 11. Bc4 Nd5 12. Bxe7 Ncxe7 1/2-1/2

[Event "8. Lovsprings EMT Basis 3 1996"]
[Site "Ringsted"]
[Date "1996.03.08"]
[Round "1"]
[White "Mortensen, Orla Lind"]
[Black "Nielsen, Kurt"]
[Result "1-0"]
[WhiteElo "1453"]
[BlackElo "1332"]
[PlyCount "99"]
[EventDate "1996.??.??"]

1. d4 Nf6 2. c4 c5 3. d5 b5 4. cxb5 a6 5. Nc3 axb5 6. Nxb5 d6 7. Nc3 g6 8. e4
Nbd7 9. Nf3 Bg7 10. Be2 O-O 11. O-O Bb7 12. Qc2 e6 13. dxe6 fxe6 14. Bc4 d5 15.
exd5 exd5 16. Bd3 Ne4 17. Nxe4 dxe4 18. Bxe4 Bxe4 19. Qxe4 Re8 20. Qc2 Qc7 21.
Be3 Reb8 22. Rab1 c4 23. Bd4 Bxd4 24. Nxd4 Rxa2 25. Qc3 Nf8 26. Rfc1 Qf7 27.
Nc6 Rb3 28. Qe5 Qe6 29. Qxe6+ Nxe6 30. g3 Rbxb2 31. Rxb2 Rxb2 32. Rxc4 Kf7 33.
Nd4 Rb7 34. Nxe6 Kxe6 35. Kg2 Kd5 36. Rc8 Ke6 37. Rf8 Ke7 38. Rf3 Ke6 39. g4 g5
40. Rh3 Kf6 41. Rf3+ Kg6 42. Rc3 Rf7 43. Rc6+ Kg7 44. Kg3 h6 45. Rc3 Kg6 46.
Rf3 Rxf3+ 47. Kxf3 Kf6 48. Ke4 Kg6 49. Ke5 h5 50. h3 1-0

[Event "8. Lovsprings EMT Basis 3 1996"]
[Site "Ringsted"]
[Date "1996.03.08"]
[Round "1"]
[White "Petersen, Torben William"]
[Black "Nielsen, Poul Erik2"]
[Result "1/2-1/2"]
[WhiteElo "1248"]
[BlackElo "1436"]
[PlyCount "47"]
[EventDate "1996.??.??"]

1. d4 e6 2. Nf3 b6 3. e3 Bb7 4. Bd3 Nf6 5. Nbd2 Be7 6. Qe2 h6 7. O-O Nc6 8. c3
d5 9. e4 Qd7 10. Re1 O-O-O 11. Ba6 dxe4 12. Bxb7+ Kxb7 13. Nxe4 Nxe4 14. Qxe4
Qd5 15. Qxd5 exd5 16. Ne5 Nxe5 17. Rxe5 Bf6 18. Re2 Rhe8 19. Be3 Rd6 20. Rae1
Rde6 21. Kf1 g5 22. Bd2 Rxe2 23. Rxe2 Rxe2 24. Kxe2 1/2-1/2

[Event "8. Lovsprings EMT Basis 3 1996"]
[Site "Ringsted"]
[Date "1996.03.15"]
[Round "2"]
[White "Hansen, John Brangstrup"]
[Black "Henriksen, Kasper"]
[Result "1/2-1/2"]
[WhiteElo "1335"]
[BlackElo "1424"]
[PlyCount "129"]
[EventDate "1996.??.??"]

1. d4 Nf6 2. c4 g6 3. Nc3 Bg7 4. e4 d6 5. Nf3 O-O 6. Be2 e5 7. O-O Nc6 8. d5
Ne7 9. Ne1 Ne8 10. Be3 f5 11. f3 Nf6 12. Nd3 f4 13. Bf2 Kh8 14. c5 Neg8 15.
cxd6 cxd6 16. Rc1 a6 17. Na4 g5 18. Nb6 Rb8 19. Rc2 h5 20. Nxc8 Rxc8 21. Qd2
Rf7 22. Rfc1 Rfc7 23. Qd1 Rxc2 24. Rxc2 g4 25. Bb6 Qd7 26. Qc1 Rxc2 27. Qxc2
Qb5 28. Bd8 gxf3 29. gxf3 Qe8 30. Ba5 Qg6+ 31. Kh1 Bh6 32. Nf2 Nxd5 33. Qc1 Ne3
34. Qg1 Qe6 35. b3 d5 36. Nd1 Nxd1 37. Bxd1 d4 38. Be2 Ne7 39. Qg2 Nc6 40. Bc4
Qe8 41. Be1 b5 42. Bd5 Ne7 43. Be6 Qc6 44. Bf7 Qc1 45. Qd2 Qc8 46. Qg2 d3 47.
Bxh5 Qc1 48. Qd2 Qxd2 49. Bxd2 Nc6 50. Kg2 Bf8 51. Kf2 Bc5+ 52. Ke1 Be3 53. Bg4
Nd4 54. Bc3 Nc2+ 55. Kd1 Bd4 56. Kd2 Bxc3+ 57. Kxc3 Nb4 58. a3 Nc2 59. a4 Nd4
60. axb5 axb5 61. Kxd3 Nxb3 62. Kc3 Nd4 63. Kb4 Kg7 64. h4 Kg6 65. Kc5 1/2-1/2

[Event "8. Lovsprings EMT Basis 3 1996"]
[Site "Ringsted"]
[Date "1996.03.15"]
[Round "2"]
[White "Krag Jacobsen, Alan"]
[Black "Jensen, Finn Anker"]
[Result "0-1"]
[WhiteElo "1428"]
[BlackElo "1251"]
[PlyCount "106"]
[EventDate "1996.??.??"]

1. d4 Nf6 2. c4 d6 3. Nc3 e5 4. dxe5 dxe5 5. Qxd8+ Kxd8 6. Bg5 c6 7. Nf3 Nbd7
8. Rd1 Kc7 9. a3 a5 10. Bxf6 gxf6 11. e3 Nc5 12. Nd2 Bf5 13. e4 Bg6 14. Be2 f5
15. exf5 Bxf5 16. Nf3 f6 17. O-O Rg8 18. Kh1 Nb3 19. Bd3 Bxd3 20. Rxd3 Nc5 21.
Rdd1 h5 22. Rfe1 Rg4 23. Nd2 Nd3 24. Re2 Nxb2 25. Nde4 Nxd1 26. Nxd1 Bxa3 27.
Nxf6 Rxc4 28. h3 Rd8 29. Ne3 Rc1+ 30. Kh2 h4 31. Nfg4 Bd6 32. Nf5 e4+ 33. Nxd6
Rxd6 34. Rxe4 Rdd1 35. g3 Rh1+ 36. Kg2 Rcg1+ 37. Kf3 Rxh3 38. Re7+ Kb6 39. Rh7
a4 40. Rh8 Ka7 41. Rh5 b5 42. Ne3 a3 43. Nc2 a2 44. Kg4 Rh2 45. Rh7+ Kb6 46.
Kf3 b4 47. Rh8 a1=Q 48. Nxa1 Rxa1 49. gxh4 Ra3+ 50. Kg4 Rxf2 51. Rb8+ Kc5 52.
h5 Rh2 53. Re8 Rah3 0-1

[Event "8. Lovsprings EMT Basis 3 1996"]
[Site "Ringsted"]
[Date "1996.03.15"]
[Round "2"]
[White "Laugesen, Kristian"]
[Black "Petersen, Torben William"]
[Result "1-0"]
[WhiteElo "1356"]
[BlackElo "1248"]
[PlyCount "55"]
[EventDate "1996.??.??"]

1. e4 c6 2. Nf3 d5 3. exd5 Qxd5 4. Nc3 Qa5 5. Bc4 Nf6 6. O-O Bf5 7. d3 e6 8.
Bd2 Be7 9. Nb5 Qd8 10. Nbd4 Bg4 11. c3 Nbd7 12. Qc2 Qc7 13. Ng5 O-O 14. Bxe6
Bxe6 15. Ndxe6 fxe6 16. Nxe6 Qb6 17. Nxf8 Rxf8 18. Rae1 Bd6 19. d4 Ng4 20. g3
c5 21. Qe4 Ndf6 22. Qe6+ Kh8 23. dxc5 Qxc5 24. Be3 Qh5 25. h4 Nxe3 26. Qxd6 Qf7
27. Rxe3 Kg8 28. Qe6 1-0

[Event "8. Lovsprings EMT Basis 3 1996"]
[Site "Ringsted"]
[Date "1996.03.15"]
[Round "2"]
[White "Moller, Claus"]
[Black "Mortensen, Orla Lind"]
[Result "0-1"]
[WhiteElo "1428"]
[BlackElo "1453"]
[PlyCount "88"]
[EventDate "1996.??.??"]

1. e4 e6 2. d4 d5 3. e5 c5 4. c3 Nc6 5. Nf3 Qb6 6. Be2 cxd4 7. cxd4 Nge7 8. Nc3
Nf5 9. Na4 Bb4+ 10. Bd2 Qa5 11. Bc3 O-O 12. g4 Bxc3+ 13. Nxc3 Nfe7 14. h4 f6
15. Qd2 fxe5 16. dxe5 Ng6 17. Qe3 Nf4 18. O-O-O Bd7 19. Nd4 Rac8 20. Kb1 Qc7
21. Nxc6 bxc6 22. Rc1 Qa5 23. Nd1 Nxe2 24. Qxe2 Be8 25. h5 d4 26. Rh3 Qd5 27.
Rd3 c5 28. Ne3 Qe4 29. Ka1 dxe3 30. Rxe3 Qb7 31. Rec3 Bb5 32. Qe3 c4 33. f4 Qc7
34. Rf1 Rcd8 35. Qe2 Rd3 36. f5 Rxc3 37. bxc3 Qe7 38. Qe3 h6 39. Rf2 Qg5 40.
Qxg5 hxg5 41. Kb2 Bc6 42. Ka3 exf5 43. gxf5 Bd7 44. e6 Bxe6 0-1

[Event "8. Lovsprings EMT Basis 3 1996"]
[Site "Ringsted"]
[Date "1996.03.15"]
[Round "2"]
[White "Nielsen, Kurt"]
[Black "Jensen, Theis"]
[Result "0-1"]
[WhiteElo "1332"]
[BlackElo "1469"]
[PlyCount "88"]
[EventDate "1996.??.??"]

1. d4 e5 2. dxe5 Nc6 3. Bf4 Qe7 4. a3 Nxe5 5. e3 d6 6. Be2 Be6 7. Nd2 O-O-O 8.
Ngf3 f6 9. Nd4 Bd7 10. b4 g5 11. Bg3 Bg7 12. h3 f5 13. f3 Ng6 14. Bf2 c5 15.
bxc5 dxc5 16. N4b3 Bxa1 17. Qxa1 Nf6 18. O-O h5 19. Qc3 b6 20. Ba6+ Kb8 21.
Bg3+ f4 22. exf4 gxf4 23. Re1 Nd5 24. Qd3 Qf7 25. Bf2 Nge7 26. Bh4 Rhg8 27. Kh2
Ne3 28. Qd6+ Ka8 29. Rxe3 fxe3 30. Bc4 Qg6 31. Qxg6 Rxg6 32. Bxe7 exd2 33. Nxd2
Re8 34. Bf7 Rxg2+ 35. Kxg2 Rxe7 36. Bd5+ Kb8 37. Ne4 h4 38. c3 Bf5 39. c4 Bxe4
40. fxe4 Rg7+ 41. Kh2 Kc7 42. e5 a6 43. a4 Kd7 44. Bf3 Ke6 0-1

[Event "8. Lovsprings EMT Basis 3 1996"]
[Site "Ringsted"]
[Date "1996.03.15"]
[Round "2"]
[White "Nilsson, Jonas Gosta"]
[Black "Nielsen, Poul Erik2"]
[Result "1/2-1/2"]
[WhiteElo "1270"]
[BlackElo "1436"]
[PlyCount "182"]
[EventDate "1996.??.??"]

1. e4 c5 2. Nf3 Nc6 3. d4 cxd4 4. Nxd4 a6 5. Nc3 e6 6. Bf4 Be7 7. Bc4 Bf6 8.
Be3 Ne5 9. Bb3 Ne7 10. O-O O-O 11. f4 N5g6 12. e5 Nxe5 13. fxe5 Bxe5 14. Qd3
Qc7 15. h3 b5 16. Nce2 Bb7 17. Rac1 Nc6 18. c4 b4 19. Bf4 Nxd4 20. Bxe5 Qxe5
21. Nxd4 Qc5 22. Kh1 e5 23. Ne2 Bc6 24. Rcd1 Qe7 25. Qd6 Qg5 26. Rf2 Qe3 27.
Rdf1 Qxh3+ 28. Kg1 Qe3 29. Qxb4 Rae8 30. Qc3 Qg5 31. c5 Kh8 32. Qg3 Qe7 33.
Rxf7 Qxc5+ 34. Qf2 Qxf2+ 35. R1xf2 Rxf7 36. Rxf7 d5 37. Rc7 Bb5 38. Nc3 Rd8 39.
Nxd5 a5 40. Nc3 Bd3 41. Kf2 e4 42. Ke3 Re8 43. Bd5 Bf1 44. Nxe4 Bxg2 45. Kd4 h5
46. Nd6 Re2 47. Rc8+ Kh7 48. Bxg2 Rxg2 49. Nc4 h4 50. Rc5 g5 51. Ne3 Rxb2 52.
Rxg5 Rxa2 53. Rh5+ Kg6 54. Rxh4 Ra4+ 55. Nc4 Rb4 56. Kc3 Kg5 57. Re4 Rb5 58.
Re8 Kf6 59. Re4 Rb4 60. Re1 Rb5 61. Ra1 Rc5 62. Kd4 Rh5 63. Nxa5 Ke6 64. Re1+
Kd7 65. Nc4 Rh4+ 66. Kd5 Rh5+ 67. Ne5+ Kc7 68. Rc1+ Kb7 69. Rc5 Ka6 70. Rc1 Kb7
71. Re1 Kb6 72. Kd4 Rh4+ 73. Kc3 Kc5 74. Nd3+ Kd6 75. Re5 Rh3 76. Rg5 Rh4 77.
Nf2 Ke6 78. Ng4 Rh3+ 79. Kd4 Ra3 80. Re5+ Kd6 81. Rd5+ Kc7 82. Ne3 Kc6 83. Rc5+
Kb7 84. Nc4 Rh3 85. Kd5 Rh5+ 86. Ne5 Kb6 87. Rc1 Kb7 88. Rb1+ Kc7 89. Rb5 Rh6
90. Kc5 Rh5 91. Kd5 Rh6 1/2-1/2

[Event "8. Lovsprings EMT Basis 3 1996"]
[Site "Ringsted"]
[Date "1996.03.15"]
[Round "2"]
[White "Olsen, Brian"]
[Black "Lassur, Benjamin"]
[Result "1/2-1/2"]
[WhiteElo "1364"]
[BlackElo "1439"]
[PlyCount "33"]
[EventDate "1996.??.??"]

1. d4 Nf6 2. c4 e5 3. dxe5 Ng4 4. Nf3 Nc6 5. Nc3 Bb4 6. Bd2 Ngxe5 7. Nxe5 Nxe5
8. e3 O-O 9. Ne4 Bxd2+ 10. Qxd2 d6 11. Be2 Qh4 12. Nxd6 cxd6 13. Qxd6 Nc6 14.
O-O Rd8 15. Qa3 Be6 16. Qc3 Qg5 17. Rfd1 1/2-1/2

[Event "8. Lovsprings EMT Basis 3 1996"]
[Site "Ringsted"]
[Date "1996.03.15"]
[Round "2"]
[White "Pedersen, Lars"]
[Black "Hansen, Leif"]
[Result "1-0"]
[WhiteElo "1400"]
[BlackElo "1328"]
[PlyCount "61"]
[EventDate "1996.??.??"]

1. d4 d5 2. e4 dxe4 3. Nc3 Nf6 4. f3 exf3 5. Nxf3 Bg4 6. h3 Bxf3 7. Qxf3 c6 8.
Qf2 h6 9. Bd3 e6 10. O-O Nbd7 11. Ne4 Qc7 12. c3 O-O-O 13. Bf4 Nxe4 14. Bxe4 e5
15. dxe5 Bc5 16. Be3 Bxe3 17. Qxe3 Nxe5 18. Qxa7 Qb8 19. Bf5+ Nd7 20. Qd4 Rhe8
21. Qxg7 Re2 22. Rad1 Kc7 23. Qxf7 Qa7+ 24. Kh1 Rxb2 25. Rxd7+ Rxd7 26. Qxd7+
Kb6 27. Qd8+ Ka6 28. Bd3+ b5 29. a4 Qb7 30. axb5+ cxb5 31. Ra1+ 1-0

[Event "8. Lovsprings EMT Basis 3 1996"]
[Site "Ringsted"]
[Date "1996.03.22"]
[Round "3"]
[White "Hansen, Leif"]
[Black "Nielsen, Kurt"]
[Result "1-0"]
[WhiteElo "1328"]
[BlackElo "1332"]
[PlyCount "89"]
[EventDate "1996.??.??"]

1. g3 d5 2. Bg2 Nf6 3. d4 b6 4. Nf3 Bb7 5. Nc3 g6 6. Bf4 a6 7. Be5 Bg7 8. O-O
O-O 9. Ng5 h6 10. Nh3 Nbd7 11. Bxf6 Nxf6 12. e3 c5 13. Nf4 cxd4 14. exd4 Qd6
15. Nce2 Rac8 16. Bf3 Rc7 17. c3 Bc8 18. Qb3 e6 19. Nd3 a5 20. Nef4 Ba6 21.
Rfd1 Rfc8 22. Ne5 Ne4 23. Bxe4 dxe4 24. Ng4 h5 25. Ne3 Bh6 26. Nfg2 Be2 27. Re1
Bf3 28. Nh4 Bg5 29. Nxf3 exf3 30. h4 Be7 31. Rad1 g5 32. d5 gxh4 33. dxe6 Qc5
34. exf7+ Kf8 35. Qe6 Rc6 36. Qf5 Rf6 37. Qh7 Qg5 38. Qh8+ Kxf7 39. Qxc8 hxg3
40. Qh3 gxf2+ 41. Kxf2 Bc5 42. Kf1 Bxe3 43. Qd7+ Kg6 44. Qd3+ Kh6 45. Qxe3 1-0

[Event "8. Lovsprings EMT Basis 3 1996"]
[Site "Ringsted"]
[Date "1996.03.22"]
[Round "3"]
[White "Henriksen, Kasper"]
[Black "Laugesen, Kristian"]
[Result "1-0"]
[WhiteElo "1424"]
[BlackElo "1356"]
[PlyCount "59"]
[EventDate "1996.??.??"]

1. d4 d5 2. c4 dxc4 3. e3 e6 4. Bxc4 Nf6 5. Nc3 Nc6 6. Nf3 Be7 7. O-O O-O 8. a3
a6 9. b4 b5 10. Bb3 Bd6 11. e4 e5 12. d5 Ne7 13. Bg5 Ng6 14. Qd3 Be7 15. a4 Bb7
16. axb5 axb5 17. Qxb5 Qb8 18. Bc4 Rc8 19. Rxa8 Bxa8 20. Qxb8 Rxb8 21. b5 Bb7
22. Rb1 Ra8 23. b6 cxb6 24. Rxb6 Ra1+ 25. Bf1 Nxe4 26. Nxe4 Nf4 27. Bxf4 Bxd5
28. Rb8+ Bf8 29. Bxe5 Bc4 30. Bxa1 1-0

[Event "8. Lovsprings EMT Basis 3 1996"]
[Site "Ringsted"]
[Date "1996.03.22"]
[Round "3"]
[White "Jensen, Finn Anker"]
[Black "Nilsson, Jonas Gosta"]
[Result "0-1"]
[WhiteElo "1251"]
[BlackElo "1270"]
[PlyCount "140"]
[EventDate "1996.??.??"]

1. c4 e5 2. Nc3 Nf6 3. g3 d5 4. cxd5 Nxd5 5. Bg2 Be6 6. Qb3 Ne3 7. Qa4+ Bd7 8.
Qe4 Nxg2+ 9. Qxg2 Bc6 10. f3 Nd7 11. e4 Bc5 12. Nge2 Bb6 13. b4 a6 14. Bb2 Nf6
15. Nd1 Qd6 16. a3 O-O-O 17. Bc3 Rhe8 18. Ne3 Bb5 19. O-O Qd3 20. Nc1 Bxe3+ 21.
Kh1 Qd7 22. Rd1 Qc6 23. Ne2 Ba4 24. Rdc1 Qb6 25. dxe3 Qxe3 26. Qg1 Qxe2 27. Qg2
Qxg2+ 28. Kxg2 Nd7 29. h4 f6 30. Ra2 Nb6 31. Bd2 Bb3 32. Rb2 Nc4 33. Rxb3 Rxd2+
34. Kh3 Nb6 35. Rbc3 Re7 36. h5 Red7 37. Kg4 R2d3 38. Kf5 Na4 39. Rxd3 Rxd3 40.
Ke6 Kd8 41. f4 exf4 42. gxf4 c6 43. Ra1 Rd7 44. e5 fxe5 45. fxe5 c5 46. Kf5
Rf7+ 47. Ke6 Ke8 48. Rc1 Re7+ 49. Kd6 Rd7+ 50. Ke6 b6 51. Kf5 Ke7 52. Rg1 g6+
53. hxg6 hxg6+ 54. Rxg6 c4 55. Rg7+ Ke8 56. Rg8+ Ke7 57. Rg7+ Kd8 58. Rg8+ Kc7
59. e6 Rd8 60. Rg7+ Kd6 61. Kf6 Re8 62. e7 c3 63. Rg3 Rxe7 64. Rd3+ Kc6 65.
Kxe7 c2 66. Rd8 Kb5 67. Rc8 Nc5 68. bxc5 c1=Q 69. Kd6 Qxa3 70. Rc7 Qxc5+ 0-1

[Event "8. Lovsprings EMT Basis 3 1996"]
[Site "Ringsted"]
[Date "1996.03.22"]
[Round "3"]
[White "Krag Jacobsen, Alan"]
[Black "Petersen, Torben William"]
[Result "0-1"]
[WhiteElo "1428"]
[BlackElo "1248"]
[PlyCount "54"]
[EventDate "1996.??.??"]

1. e4 d5 2. exd5 Qxd5 3. Nf3 Bf5 4. d3 e6 5. a3 Nf6 6. Nc3 Qd8 7. Be2 c6 8. Bg5
Be7 9. Qd2 Nbd7 10. h3 Qc7 11. O-O-O h6 12. Bf4 e5 13. Bh2 Nd5 14. Kb1 Qb6 15.
Nxd5 cxd5 16. Ka1 f6 17. Nh4 Bh7 18. Bh5+ Kd8 19. Bg6 Bxa3 20. bxa3 Qd4+ 21. c3
Qxh4 22. Bf7 Nc5 23. Bxd5 Nxd3 24. Bxb7 Rb8 25. Ba6 Qa4 26. Bxd3 Qxa3+ 27. Qa2
Qxc3+ 0-1

[Event "8. Lovsprings EMT Basis 3 1996"]
[Site "Ringsted"]
[Date "1996.03.22"]
[Round "3"]
[White "Nielsen, Poul Erik2"]
[Black "Moller, Claus"]
[Result "0-1"]
[WhiteElo "1436"]
[BlackElo "1428"]
[PlyCount "46"]
[EventDate "1996.??.??"]

1. Nf3 d5 2. d4 Nf6 3. c4 dxc4 4. Nc3 Bf5 5. Qa4+ Qd7 6. Qxc4 Qc6 7. Ne5 Qxc4
8. Nxc4 Nc6 9. Nb5 O-O-O 10. Bf4 Nd5 11. Be3 a6 12. Nc3 Nxe3 13. fxe3 e6 14.
O-O-O Bb4 15. Ne5 Nxe5 16. dxe5 Bxc3 17. bxc3 Rxd1+ 18. Kxd1 Rd8+ 19. Kc1 Rd5
20. g3 Rxe5 21. Bg2 Rxe3 22. Kd2 Re5 23. Rb1 Bxb1 0-1

[Event "8. Lovsprings EMT Basis 3 1996"]
[Site "Ringsted"]
[Date "1996.03.22"]
[Round "3"]
[White "Olsen, Brian"]
[Black "Mortensen, Orla Lind"]
[Result "1-0"]
[WhiteElo "1364"]
[BlackElo "1453"]
[PlyCount "77"]
[EventDate "1996.??.??"]

1. e4 e6 2. d4 d5 3. exd5 exd5 4. Nc3 Bf5 5. Nf3 c6 6. Be2 Bd6 7. O-O Nf6 8.
Re1 O-O 9. Nh4 Be6 10. Bd3 Qc7 11. g3 Bg4 12. Ne2 Nbd7 13. Nf5 Bb4 14. c3 Bd6
15. Nxd6 Bxe2 16. Rxe2 c5 17. dxc5 Nxc5 18. Nb5 Qc6 19. Nd4 Qd7 20. Re5 g6 21.
Bg5 Nxd3 22. Qxd3 Ne4 23. Nf3 Qg4 24. Qxd5 Rae8 25. Re1 Nxg5 26. Nxg5 Rd8 27.
Qe4 Qc8 28. Qh4 h5 29. Re7 Rd7 30. R7e4 Rfd8 31. g4 f5 32. gxf5 gxf5 33. Rc4
Qb8 34. Ne6 Re8 35. Qg5+ Kh8 36. Qf6+ Kg8 37. Kh1 b6 38. Rg1+ Kh7 39. Rg7+ 1-0

[Event "8. Lovsprings EMT Basis 3 1996"]
[Site "Ringsted"]
[Date "1996.03.22"]
[Round "3"]
[White "Pedersen, Lars"]
[Black "Jensen, Theis"]
[Result "0-1"]
[WhiteElo "1400"]
[BlackElo "1469"]
[PlyCount "54"]
[EventDate "1996.??.??"]

1. d4 e5 2. dxe5 Nc6 3. Nf3 Qe7 4. Nc3 Nxe5 5. Nxe5 Qxe5 6. Qd5 Bd6 7. Bd2 Nf6
8. Qxe5+ Bxe5 9. O-O-O Ng4 10. Be1 Nxh2 11. Rxh2 Bxh2 12. g3 h5 13. Nd5 Kd8 14.
Bc3 Rg8 15. Rd4 c6 16. Ne3 g5 17. Re4 d5 18. Bf6+ Kc7 19. Re7+ Kd6 20. c4 Bg1
21. b4 b6 22. cxd5 cxd5 23. Re5 Be6 24. Bg2 Rac8+ 25. Kd2 Bxf2 26. Nxd5 Bxg3
27. Rxe6+ Kxe6 0-1

[Event "8. Lovsprings EMT Basis 3 1996"]
[Site "Ringsted"]
[Date "1996.03.29"]
[Round "4"]
[White "Henriksen, Kasper"]
[Black "Olsen, Brian"]
[Result "0-1"]
[WhiteElo "1424"]
[BlackElo "1364"]
[PlyCount "112"]
[EventDate "1996.??.??"]

1. e4 e6 2. d4 d5 3. Nc3 c5 4. exd5 exd5 5. Bb5+ Nc6 6. Be3 c4 7. b3 cxb3 8.
axb3 Bb4 9. Nge2 Nf6 10. O-O O-O 11. Bg5 Qd6 12. Bxf6 gxf6 13. Ra4 Bxc3 14.
Nxc3 Ne7 15. Qh5 Ng6 16. Qxd5 Qf4 17. Bd3 Be6 18. Qe4 Qh6 19. Qf3 Qg7 20. Ne4
f5 21. Ng3 f4 22. Nh5 Qh6 23. d5 Ne5 24. Qxf4 Qxh5 25. dxe6 Nxd3 26. exf7+ Rxf7
27. Qg4+ Qg6 28. Qxg6+ hxg6 29. cxd3 Rd7 30. d4 a6 31. g3 b5 32. Rb4 Rd5 33.
Ra1 a5 34. Kg2 Kf7 35. Kf3 Ke6 36. Ke4 Kd6 37. h4 Re8+ 38. Kd3 axb4 39. Ra6+
Kd7 40. Rxg6 Rf5 41. f4 Re7 42. Rg5 Rxg5 43. fxg5 Ke8 44. g6 Kf8 45. d5 Kg7 46.
h5 Re5 47. Kd4 Rxh5 48. d6 Kxg6 49. d7 Rh8 50. Ke5 Kf7 51. Kd6 Ra8 52. g4 Rh8
53. g5 Rf8 54. g6+ Kf6 55. g7 Rg8 56. Kc6 Ke6 0-1

[Event "8. Lovsprings EMT Basis 3 1996"]
[Site "Ringsted"]
[Date "1996.03.29"]
[Round "4"]
[White "Jensen, Theis"]
[Black "Nilsson, Jonas Gosta"]
[Result "0-1"]
[WhiteElo "1469"]
[BlackElo "1270"]
[PlyCount "124"]
[EventDate "1996.??.??"]

1. g4 e5 2. Bg2 d5 3. h3 Bc5 4. d3 Be6 5. b3 Nd7 6. Bb2 Ngf6 7. Nd2 c6 8. e3
Qc7 9. Ngf3 O-O-O 10. Qe2 Rhe8 11. O-O-O d4 12. g5 Nd5 13. Ne4 dxe3 14. Nxc5
Nxc5 15. Bxe5 Qa5 16. Kb2 f6 17. Bd4 Nf4 18. Qe1 Qxe1 19. Rdxe1 Nfxd3+ 20. cxd3
Nxd3+ 21. Kc3 Nxe1 22. Rxe1 exf2 23. Bxf2 fxg5 24. Bxa7 Bd5 25. Be3 h6 26. a4
Rd7 27. b4 Rde7 28. Kd2 Rf8 29. Bc5 Rxe1 30. Bxf8 Ra1 31. Ke3 Rxa4 32. Bxg7
Rxb4 33. Bxh6 g4 34. hxg4 Kd8 35. g5 b5 36. Bg7 Rg4 37. Bf6+ Ke8 38. Bh1 Ra4
39. g6 Kf8 40. Bd4 Kg8 41. g7 b4 42. Bg2 Ra3+ 43. Kf4 b3 44. Bh3 b2 45. Be6+
Bxe6 46. Bxb2 Ra4+ 47. Kg5 Rg4+ 48. Kh6 c5 49. Ne5 Rxg7 50. Nd3 Rg2 51. Be5 c4
52. Nf4 Rh2+ 53. Kg5 Bf7 54. Kf6 Rf2 55. Kf5 Kh7 56. Ke4 Rf1 57. Ng2 Rc1 58.
Ne3 Bg6+ 59. Kd4 c3 60. Bc7 c2 61. Kc3 Rd1 62. Nxc2 Rc1 0-1

[Event "8. Lovsprings EMT Basis 3 1996"]
[Site "Ringsted"]
[Date "1996.03.29"]
[Round "4"]
[White "Lassur, Benjamin"]
[Black "Mortensen, Orla Lind"]
[Result "1-0"]
[WhiteElo "1439"]
[BlackElo "1453"]
[PlyCount "153"]
[EventDate "1996.??.??"]

1. c4 e5 2. Nc3 Nf6 3. g3 Bb4 4. Bg2 Nc6 5. a3 Bxc3 6. bxc3 O-O 7. d3 h6 8. e4
d6 9. Ne2 Re8 10. f4 exf4 11. Nxf4 Bg4 12. Bf3 Bxf3 13. Qxf3 Ne5 14. Qd1 c6 15.
O-O Rb8 16. Be3 a6 17. Bd4 Qc7 18. Bxe5 dxe5 19. Qf3 exf4 20. gxf4 Qd7 21. e5
Qg4+ 22. Qxg4 Nxg4 23. Rf3 h5 24. Ra2 Nh6 25. d4 Nf5 26. Rb2 b5 27. c5 a5 28.
Rd3 Ne7 29. Rg3 Nf5 30. Rd3 Rbd8 31. Kf2 Rd5 32. Kf3 Red8 33. Ke4 g6 34. Rb1
Kg7 35. Rb2 f6 36. Rg2 R5d7 37. Rd1 Ne7 38. Rdg1 f5+ 39. Kf3 Kh6 40. h4 Rg8 41.
Rb1 Nd5 42. Rc2 Rc8 43. Rbb2 Kg7 44. Rb1 Rb7 45. c4 Nc7 46. a4 b4 47. Ke3 Kf7
48. Rg2 Rg8 49. Rb3 Ne6 50. Rg1 Rd8 51. Rd3 Rbd7 52. Rgd1 Ke7 53. d5 Nxc5 54.
d6+ Ke6 55. R3d2 Rb8 56. Rg2 Rg7 57. Rdg1 Rbg8 58. Kd4 Nd7 59. c5 Nb8 60. Rb1
Na6 61. Rb3 g5 62. hxg5 Rd7 63. Rh2 Rh8 64. Rh4 Nb8 65. Rbh3 Rdh7 66. g6 Rg7
67. Rxh5 Rxh5 68. Rxh5 Rxg6 69. Rh8 Rg4 70. Rxb8 Rxf4+ 71. Kd3 Rg4 72. Re8+ Kd7
73. Re7+ Kd8 74. Rf7 Rg3+ 75. Kd2 Rg5 76. e6 f4 77. Rf8# 1-0